MARC

LEADER 00000nam0a2200000 4500
001 289361
005 20231102000159.0
020 |a RU  |b 83-80849 
035 |a (RuTPU)RU\TPU\book\313866 
090 |a 289361 
100 |a 20150401d1983 m y0rusy5003 ca 
101 0 |a rus 
102 |a KZ 
105 |a a j 001zy 
200 1 |a Электротехнологические установки  |e [учебное пособие]  |f А. В. Болотов, Г. А. Шепель 
210 |a Алма-Ата  |c Мектеп  |d 1983 
215 |a 271 с.  |c ил. 
320 |a Библиогр.: с. 268 
606 |a Электротехнологические установки  |2 stltpush  |3 (RuTPU)RU\TPU\subj\20970  |9 46029 
610 1 |a электрические установки 
610 1 |a электрическая обработка 
610 1 |a электроснабжение 
610 1 |a электротермические установки 
610 1 |a электродуговые разряды 
610 1 |a электродуговые печи 
610 1 |a электрическая сварка 
610 1 |a металлы 
610 1 |a обработка 
610 1 |a учебные пособия 
675 |a 621.31  |z rus  |v 3 
700 1 |a Болотов  |b А. В.  |g Альберт Васильевич 
701 1 |a Шепель  |b Г. А.  |g Георгий Александрович 
801 0 |a RU  |b RuMRKP  |c 19950704  |g psbo 
801 1 |a RU  |b 63413507  |c 20150401 
801 2 |a RU  |b 63413507  |c 20200828  |g RCR 
942 |c BK